[Event "Lyudmila Rudenko Mem"]
[Site "St Petersburg RUS"]
[Date "2011.08.31"]
[Round "9"]
[White "Molchanova,T"]
[Black "Shaidullina,S"]
[Result "1-0"]
[WhiteElo "2346"]
[BlackElo "2158"]

1.c4 e5 2.g3 Nf6 3.Bg2 c6 4.d4 exd4 5.Qxd4 Bb4+ 6.Nc3 d5 7.cxd5 Qe7 8.Bg5 O-O
9.e3 cxd5 10.Bxf6 gxf6 11.Ne2 Nc6 12.Qxd5 Be6 13.Qh5 Ne5 14.O-O Bg4 15.Qh6 Rad8
16.Ne4 Ng6 17.Nf4 f5 18.Ng5 f6 19.Bd5+ Rxd5 20.Nxd5 Qd7 21.Nxh7 Qxh7 22.Qxh7+ Kxh7
23.Nxb4 Ne5 24.Nc2 Nf3+ 25.Kg2 Nd2 26.f3 Rc8 27.fxg4 Nxf1 28.Rxf1 Rxc2+ 29.Rf2 Rc1
30.gxf5 Re1 31.Kf3 Kh6 32.Kf4 Rc1 33.g4 Rh1 34.e4 b5 35.e5 Rc1 36.exf6 Rc4+
37.Kg3 Kg5 38.h4+ Kxf6 39.g5+ Kf7 40.f6 Rc1 41.g6+ Kf8 42.h5 Rg1+ 43.Kf4 a5
44.Rc2 Rf1+ 45.Kg5 Ke8 46.f7+ Ke7 47.Re2+ Kd7 48.Re8 Rg1+ 49.Kh6 Rg2 50.f8=Q Rxb2
51.Re5 Rxa2 52.Qf7+ Kd6 53.Qf6+  1-0

[Event "10th Sunny Beach Open"]
[Site "Sunny Beach BUL"]
[Date "2011.08.31"]
[Round "5.27"]
[White "Golcman,E"]
[Black "Draskovic,L"]
[Result "0-1"]
[WhiteElo "2291"]
[BlackElo "2135"]

1.c4 e5 2.g3 Nc6 3.Bg2 f5 4.d3 Nf6 5.Nf3 Bb4+ 6.Bd2 Bxd2+ 7.Qxd2 O-O 8.O-O d6
9.Nc3 Qe8 10.Nd5 Nxd5 11.cxd5 Ne7 12.Rfc1 c6 13.dxc6 bxc6 14.b4 Rb8 15.a3 h6
16.e4 Be6 17.Re1 fxe4 18.dxe4 Rd8 19.Qe3 Qd7 20.Red1 Qc7 21.Qc3 Bg4 22.Rd2 Rf6
23.Ne1 Qb6 24.Nc2 Rdf8 25.Ne3 Bc8 26.Rad1 Qb8 27.h3 Bb7 28.Nc4 Nc8 29.Ne3 Kh8
30.a4 a6 31.Nc4 Ba8 32.a5 Qc7 33.Qe3 Bb7 34.Kh2 Kh7 35.Rf1 Qf7 36.Nb2 Qe6
37.Nd3 Qb3 38.Qe2 Ne7 39.f4 exf4 40.gxf4 Ng6 41.e5 dxe5 42.Be4 Bc8 43.Rg1 Bf5
44.Bxf5 Rxf5 45.Qg4 Qf7 46.Rdg2 Nxf4 47.Qxg7+ Qxg7 48.Rxg7+ Kh8 49.Nc5 Rh5  0-1

[Event "Maria Albulet Mem"]
[Site "Braila ROU"]
[Date "2011.09.02"]
[Round "5"]
[White "Anusca,M"]
[Black "Ionescu,I"]
[Result "0-1"]
[WhiteElo "2076"]
[BlackElo "2245"]

1.c4 e5 2.g3 f5 3.Bg2 Nf6 4.Nc3 d6 5.d3 g6 6.Nf3 Bg7 7.O-O O-O 8.Qc2 c6 9.Rd1 Qe7
10.e4 Na6 11.a3 Nc7 12.Ne2 Kh8 13.Rb1 fxe4 14.dxe4 Nxe4 15.Qxe4 Bf5 16.Bg5 Qf7
17.Qh4 Bxb1 18.Rxb1 Rae8 19.Be3 Bf6 20.Qe4 d5 21.cxd5 cxd5 22.Qa4 a6 23.Bc5 Rg8
24.Rd1 Re6 25.Nc3 b6 26.Bb4 a5 27.Bxa5 bxa5 28.Nxd5 Nxd5 29.Rxd5 Rc8 30.Rxa5 Rc1+
31.Bf1 Re7 32.Kg2 e4 33.Nd2 Qe6 34.Bc4 Qg4 35.Ra8+ Kg7 36.Ra7 Kh6 37.h3 Qd1
38.Qxd1 Rxd1 39.Rxe7 Bxe7 40.Nf1 Bc5 41.b4 Bd4 42.g4 Rc1 43.Be2 Kg5 44.Ng3 Kf4
45.Bf1 Ra1 46.b5 Rxa3 47.Ne2+ Ke5 48.Nxd4 Kxd4 49.Kh2 g5 50.Kg2 Rb3 51.Kh2 Rb1
52.Kg2 Ke5 53.Bc4 Kf4 54.Be2 Rb2 55.Kf1 h6 56.b6 Rxb6 57.Kg1 e3 58.fxe3+ Kxe3
59.Bc4 Kf3 60.Bd5+ Kg3  0-1

[Event "10th Sunny Beach Open"]
[Site "Sunny Beach BUL"]
[Date "2011.09.02"]
[Round "7.27"]
[White "Golcman,E"]
[Black "Gohla,U"]
[Result "1/2-1/2"]
[WhiteElo "2291"]
[BlackElo "2182"]

1.c4 e5 2.g3 Nf6 3.Bg2 d5 4.cxd5 Nxd5 5.Nf3 Nc6 6.O-O Be7 7.d4 e4 8.Ne5 f5
9.Nxc6 bxc6 10.b3 Be6 11.Ba3 O-O 12.Qd2 Qd7 13.Bxe7 Nxe7 14.e3 Rfd8 15.Qa5 Qd5
16.Qxd5 cxd5 17.Rc1 c6 18.Nc3 Rdb8 19.Na4 Bc8 20.Bf1 Kf7 21.Be2 Ke6 22.Kf1 Kd6
23.Ke1 Ng8 24.Rc2 a5 25.Rac1 Bd7 26.Kd2 Nh6 27.h3 Nf7 28.Nc5 Rb6 29.Kc3 Ng5
30.h4 Ne6 31.Kd2 Ke7 32.Rb1 Nxc5 33.dxc5 Rbb8 34.a3 Bc8 35.Rcb2 Ba6 36.Bd1 Bd3
37.Rc1 Rb5 38.f4 Rab8 39.Ra2 h5 40.Rc3 g6 41.Ra1 Ke6 42.Bc2 Bxc2 43.Kxc2 R8b7
44.Rd1 Rb8 45.Rd4 R8b7 46.Kb2 Rb8 47.Ka2 R8b7 48.Ra4  1/2-1/2

[Event "10th Sunny Beach Open"]
[Site "Sunny Beach BUL"]
[Date "2011.09.02"]
[Round "7.47"]
[White "Kues,H"]
[Black "Manole,S"]
[Result "1-0"]
[WhiteElo "2170"]
[BlackElo "1981"]

1.c4 e5 2.g3 Nf6 3.Bg2 d5 4.cxd5 Nxd5 5.Nf3 Nc6 6.Nc3 Nb6 7.O-O Be6 8.d3 Be7
9.a3 O-O 10.b4 a5 11.b5 Nd4 12.Nxd4 exd4 13.Na4 Bd5 14.Nxb6 cxb6 15.a4 Bxg2
16.Kxg2 Qd5+ 17.Kg1 Rad8 18.Ba3 Bc5 19.Bxc5 bxc5 20.b6 Qe6 21.Rb1 Rd5 22.Qd2 Rh5
23.f3 Re8 24.Rf2 c4 25.dxc4 Qxc4 26.Qd1 Rc5 27.Rb2 g6 28.Rd2 Rd8 29.e4 d3
30.Kg2 Rd4 31.Rb2 Qxa4 32.Qxa4 Rxa4 33.Rfd2 Rc3 34.Kf2 Kf8 35.Ke3 Raa3 36.Ra2 Ke7
37.e5 Kd7 38.f4 Kc6 39.Rxa3 Rxa3 40.Rb2 a4 41.g4 Rc3 42.Ra2 Kb5 43.f5 Kb4
44.Rb2+ Ka5 45.Rd2 Kxb6 46.e6 fxe6 47.f6 g5 48.Ke4 Kc5 49.Rf2 Rc2 50.Rf1 Kb4
51.f7 Rc8 52.f8=Q+ Rxf8 53.Rxf8 d2 54.Rd8  1-0

[Event "TCh-POL 1st League"]
[Site "Mrzezyno POL"]
[Date "2011.09.03"]
[Round "1"]
[White "Mista,A"]
[Black "Grabarczyk,B"]
[Result "1-0"]
[WhiteElo "2561"]
[BlackElo "2409"]

1.c4 e5 2.g3 d6 3.Bg2 f5 4.Nc3 Nf6 5.d3 Be7 6.Nf3 O-O 7.O-O Nc6 8.Rb1 a5
9.a3 Qe8 10.b4 axb4 11.axb4 Qh5 12.Nd5 Bd8 13.b5 Nxd5 14.cxd5 Ne7 15.Qb3 f4
16.Bb2 Bh3 17.Bxh3 Qxh3 18.Bxe5 dxe5 19.d6+ Kh8 20.dxe7 Bxe7 21.Qd5 Bd6 22.b6 Rad8
23.Ng5 c6 24.Qc4 Qh5 25.Ne6 fxg3 26.hxg3 Rf4 27.Nxd8 Rxc4 28.dxc4 e4 29.Nxb7 Be5
30.Nc5 Qg4 31.Rb3 h5 32.Re3 Qg6 33.Nd7 Bd6 34.c5 Bf4 35.Ra1  1-0

[Event "Maria Albulet Mem"]
[Site "Braila ROU"]
[Date "2011.09.04"]
[Round "7"]
[White "Bollengier,Andreea"]
[Black "Ionescu,I"]
[Result "0-1"]
[WhiteElo "2207"]
[BlackElo "2245"]

1.c4 e5 2.g3 Nf6 3.Bg2 c6 4.d4 Bb4+ 5.Bd2 Bxd2+ 6.Qxd2 d6 7.Nc3 Qe7 8.e4 O-O
9.Nge2 a6 10.O-O b5 11.Rad1 bxc4 12.dxe5 dxe5 13.Na4 Ra7 14.Qc3 Rb7 15.a3 Rb5
16.Rd2 Be6 17.Rfd1 Qa7 18.h3 Nbd7 19.g4 h5 20.g5 Rb3 21.Qa5 Nh7 22.h4 f5
23.Nec3 fxe4 24.Re1 Rb5 25.Nxb5 cxb5 26.Nc3 Nc5 27.Nxb5 Qb8 28.Nd4 exd4 29.Qxc5 e3
30.fxe3 Qg3 31.Ree2 d3 32.Rf2 Qxh4 33.Rxf8+ Nxf8 34.Rf2 Ng6 35.Qc6 Qg4 36.Qxa6 h4
37.Qa8+ Kh7 38.Qe4 Qd1+ 39.Rf1 Qg4 40.Rf4 d2 41.Rxg4 d1=Q+ 42.Bf1 Bxg4 43.Qxc4 Qf3  0-1

[Event "TCh-POL 1st League"]
[Site "Mrzezyno POL"]
[Date "2011.09.04"]
[Round "2"]
[White "Orzechowski,J"]
[Black "Rutkowski,M"]
[Result "1/2-1/2"]
[WhiteElo "2243"]
[BlackElo "2388"]

1.c4 e5 2.g3 Nc6 3.Nc3 g6 4.Bg2 Bg7 5.e4 d6 6.Nge2 f5 7.d3 Nf6 8.O-O O-O
9.Rb1 a5 10.a3 Be6 11.Nd5 Qd7 12.b4 axb4 13.axb4 Nd8 14.Bg5 Ra3 15.Bc1 Ra8
16.Bg5 Ra3 17.Bc1 Ra8 18.Bg5  1/2-1/2

[Event "10th Sunny Beach Open"]
[Site "Sunny Beach BUL"]
[Date "2011.09.04"]
[Round "9.26"]
[White "Golcman,E"]
[Black "Kanasirev,P"]
[Result "1-0"]
[WhiteElo "2291"]
[BlackElo "2115"]

1.c4 e5 2.g3 Nc6 3.Bg2 g6 4.Nc3 Bg7 5.Nf3 d6 6.O-O Be6 7.d3 Qc8 8.Nd5 Nd8
9.d4 c6 10.Nc3 exd4 11.Nxd4 Bxc4 12.Ne4 Qc7 13.Nf5 gxf5 14.Nxd6+ Kf8 15.Nxc4 Ne6
16.Qd6+ Qxd6 17.Nxd6 Nd4 18.e3 Ne2+ 19.Kh1 Nxc1 20.Raxc1 Ne7 21.Nxb7 Rb8
22.Nc5 Bxb2 23.Nd7+ Kg7 24.Nxb8 Bxc1 25.Nxc6 Nxc6 26.Rxc1  1-0

[Event "VII Ugra Governor's Cup"]
[Site "Khanty-Mansiysk RUS"]
[Date "2011.09.05"]
[Round "6"]
[White "Artamonov,V"]
[Black "Purtov,K"]
[Result "1-0"]
[WhiteElo "2277"]
[BlackElo "2012"]

1.c4 e5 2.g3 c6 3.d4 e4 4.Nc3 Bb4 5.Qb3 Bxc3+ 6.Qxc3 d5 7.f3 Nf6 8.Bg5 O-O
9.Bxf6 Qxf6 10.fxe4 dxe4 11.Bg2 Re8 12.e3 Bg4 13.Rc1 Nd7 14.h3 Bf3 15.Nxf3 exf3
16.O-O Qg5 17.Rxf3 Nf6 18.Qa3 Re6 19.d5 Re5 20.dxc6 bxc6 21.Rd1 h5 22.Rd4 Rae8
23.Rdf4 c5 24.Qd3 Qg6 25.e4 Rxe4 26.Rxe4 Rxe4 27.Kh2 Rd4 28.Qxg6 fxg6 29.Ra3 Rxc4
30.Rxa7 Rc2 31.Rb7 Nd5 32.Kg1 Nb4 33.a3 Nd3 34.Bd5+ Kh7 35.b3 Ra2 36.a4 h4
37.gxh4 Nf4 38.Bc4 Nxh3+ 39.Kf1 g5 40.hxg5 Nxg5 41.Rc7 Kh6 42.Rxc5 Kh5 43.a5 Kg4
44.b4 Rb2 45.Be2+ Kf4 46.Rc4+ Ke3 47.Rc3+ Kd4 48.Rd3+ Ke4 49.Rg3 Ne6 50.b5 Nd4
51.Bd3+ Kf4 52.Rxg7 Ke3 53.Rg3+ Nf3 54.Rxf3+ Kxf3 55.a6 Rd2 56.Be4+ Kxe4
57.a7 Ra2 58.b6 Kf3 59.Ke1 Ke3 60.Kd1 Kd3 61.Kc1 Kc3 62.Kb1 Rb2+ 63.Ka1 Rxb6
64.a8=Q Rb4 65.Qe8 Kc4 66.Qe5 Rb5 67.Qe3 Rd5 68.Kb2 Kb5 69.Kb3 Rd6 70.Qe5+ Kc6
71.Kc4 Rd1 72.Qe6+ Kc7 73.Qh6 Rd6 74.Qg7+ Rd7 75.Qe5+ Kd8 76.Kc5 Re7 77.Qb8+ Kd7
78.Kd5 Re1 79.Qa7+ Ke8 80.Qa4+ Kf7 81.Qf4+ Ke8 82.Qg3 Re7 83.Qg8+ Kd7 84.Qb8 Rf7
85.Qb7+ Ke8 86.Qc8+ Ke7 87.Ke5 Rf1 88.Qc5+ Kd8 89.Qa5+ Ke7 90.Qb4+ Kd8 91.Ke6 Rc1
92.Qb8+  1-0

[Event "VII Ugra Governor's Cup"]
[Site "Khanty-Mansiysk RUS"]
[Date "2011.09.07"]
[Round "8"]
[White "Mamedov,Rau"]
[Black "Ponkratov,P"]
[Result "0-1"]
[WhiteElo "2679"]
[BlackElo "2593"]

1.g3 e5 2.c4 Nf6 3.Bg2 c6 4.d3 d5 5.Nf3 dxc4 6.Nc3 Qa5 7.dxc4 Ne4 8.Bd2 Nxd2
9.Nxd2 Bb4 10.O-O Bxc3 11.bxc3 O-O 12.Ne4 Na6 13.Qc2 Nc5 14.Nd2 Be6 15.Rab1 Rad8
16.Nb3 Qa4 17.Rfc1 Nd7 18.c5 Qa3 19.Qb2 Qa6 20.h4 Bc4 21.Rd1 Bxe2 22.Rd6 Nf6
23.Re1 Bc4 24.Rxe5 Rde8 25.Rxe8 Rxe8 26.Bf3 Bd5 27.Bxd5 Nxd5 28.Qd2 h6 29.Kg2 Qc4
30.Rd7 Qg4 31.Rxb7 Re2 32.Qd4 Ne3+ 33.Qxe3 Rxe3 34.fxe3 Qe2+ 35.Kh3 Qxa2
36.Nd4 h5 37.Nf3 f6 38.Nd4 Qf2 39.Rxa7 Qg1 40.Ra2 g5  0-1

[Event "TCh-POL 1st League"]
[Site "Mrzezyno POL"]
[Date "2011.09.07"]
[Round "5"]
[White "Orzechowski,J"]
[Black "Grabarczyk,M"]
[Result "1/2-1/2"]
[WhiteElo "2243"]
[BlackElo "2460"]

1.c4 e5 2.g3 Nc6 3.Bg2 f5 4.Nc3 Nf6 5.Nf3 g6 6.O-O Bg7 7.d3 O-O 8.Rb1 a5
9.a3 d6 10.b4 axb4 11.axb4 Kh8 12.b5 Nd4 13.Nxd4 exd4 14.Nd5 Nxd5 15.cxd5 b6
16.Qc2 Bd7 17.Rb4 Ra7 18.Bb2 Qe8 19.Ra1 Rxa1+ 20.Bxa1 Bxb5 21.Qxc7 Bxd3 22.Rxd4 Qxe2
23.Rxd3 Qe1+ 24.Bf1 Qxa1 25.Qxd6 Qf6 26.Qxf6 Bxf6 27.d6 b5 28.Rb3 Rd8 29.Bxb5 Rxd6
30.Rd3 Rb6 31.Rd5  1/2-1/2

[Event "Yuzhny Open"]
[Site "Yuzhny UKR"]
[Date "2011.09.07"]
[Round "7.20"]
[White "Solovyev,A"]
[Black "Bondar,W"]
[Result "1-0"]
[WhiteElo "2193"]
[BlackElo "2089"]

1.c4 e5 2.g3 d6 3.Bg2 Nc6 4.Nc3 Be6 5.Nd5 g6 6.d3 Bg7 7.e4 Nd4 8.Be3 c5 9.h3 Ne7
10.Ne2 Nxe2 11.Qxe2 O-O 12.O-O Qd7 13.Nxe7+ Qxe7 14.Rab1 Qd7 15.Kh2 a5 16.b3 b5
17.f4 Rac8 18.f5 gxf5 19.exf5 Bxf5 20.cxb5 Be6 21.a4 f5 22.Bd2 Qf7 23.Bxa5 Bxb3
24.g4 f4 25.b6 Bd5 26.Bxd5 Qxd5 27.Bd2 c4 28.dxc4 Rxc4 29.Rb5 Qc6 30.Qf3 d5
31.Qb3 Qb7 32.a5 e4 33.a6 Qb8 34.a7 Qe5 35.Be1 Rfc8 36.b7 f3+ 37.Bg3 Rc2+
38.Qxc2 Rxc2+ 39.Kh1  1-0

[Event "Paignton Ron Bruce Premier"]
[Site "Paignton ENG"]
[Date "2011.09.08"]
[Round "5"]
[White "Regis,D"]
[Black "Simons,M"]
[Result "1/2-1/2"]
[WhiteElo "2015"]
[BlackElo "2161"]

1.c4 e5 2.g3 Nc6 3.Nc3 f5 4.Nf3 Nf6 5.d4 e4 6.Nh4 d6 7.Ng2 g6 8.h4 Bg7 9.Nf4 Qe7
10.Nfd5 Nxd5 11.Nxd5 Qf7 12.e3 Nd8 13.Qb3 c6 14.Nf4 Ne6 15.Nxe6 Bxe6 16.Bd2 O-O
17.Rc1 Rfd8 18.Qa4 a6 19.Ba5 b5 20.Qc2 Rdb8 21.b3 Rb7  1/2-1/2

[Event "Paignton Ron Bruce Premier"]
[Site "Paignton ENG"]
[Date "2011.09.08"]
[Round "5"]
[White "McMillan,H"]
[Black "Helin,M"]
[Result "0-1"]
[WhiteElo "2002"]
[BlackElo "1960"]

1.c4 e5 2.g3 Nc6 3.Nc3 g6 4.Bg2 Bg7 5.d3 Nge7 6.e4 O-O 7.Nge2 d6 8.O-O h6
9.h3 f5 10.Be3 Nd4 11.f4 Nec6 12.Rb1 a5 13.Nb5 Be6 14.Nbxd4 exd4 15.Bf2 Qd7
16.exf5 gxf5 17.a3 a4 18.Qc2 Kh7 19.Rfe1 Rg8 20.Kh2 Bf7 21.Bxc6 bxc6 22.Nxd4 Rgb8
23.Re2 Rb7 24.Rbe1 Bf6 25.Rb1 Bh5 26.Rd2 Bxd4 27.Bxd4 c5 28.Bf2 Rb3 29.Re1 Rab8
30.Qc1 Qg7 31.d4 cxd4 32.g4 Rxh3+ 33.Kxh3 Qxg4+ 34.Kh2 Rb5 35.Be3 dxe3 36.Rg2 Qxf4+
37.Kg1 Qd4 38.Kh2 Bf3 39.Qc2 Qh4+  0-1

[Event "5th ch-Euro IBCA"]
[Site "Rhodes GRE"]
[Date "2011.09.08"]
[Round "3.6"]
[White "Fernandez Manrique,A"]
[Black "Desanjose Candalija,E"]
[Result "1/2-1/2"]
[WhiteElo "2155"]
[BlackElo "2275"]

1.c4 e5 2.g3 Nf6 3.Bg2 d5 4.cxd5 Nxd5 5.Nc3 Nb6 6.d3 Be7 7.a3 O-O 8.Nf3 Nc6
9.O-O Be6 10.b4 Nd4 11.Nd2 c6 12.Rb1 Nd5 13.Bb2 f6 14.Nxd5 Bxd5 15.Bxd4 Bxg2
16.Kxg2  1/2-1/2

[Event "8th LGA Premium Cup"]
[Site "Nuernberg GER"]
[Date "2011.09.09"]
[Round "2.54"]
[White "Pokrupa,M"]
[Black "Braun,Mi2"]
[Result "1-0"]
[WhiteElo "2222"]
[BlackElo "1799"]

1.c4 e5 2.g3 Nc6 3.Bg2 d6 4.Nc3 g6 5.Nf3 Bg7 6.O-O Nf6 7.d4 O-O 8.d5 Nb8
9.e4 Nh5 10.Ne1 Nd7 11.Be3 b6 12.Rc1 Qe7 13.b4 a5 14.a3 axb4 15.axb4 Ba6
16.Nb5 Bxb5 17.cxb5 Ra7 18.Nd3 Nhf6 19.Rc6 Ne8 20.Qc2 f5 21.f3 fxe4 22.fxe4 Rxf1+
23.Bxf1 Nb8 24.Rc3 Qd7 25.Nf2 Qe7 26.Bh3 Nd7 27.Be6+ Kh8 28.Nh3 h6 29.Nf2 Nf8
30.Bc8 Qd8 31.Ba6 Qd7 32.Kg2 Kh7 33.Ra3 Qf7 34.Bc1 Nd7 35.Rf3 Qe7 36.Ng4 Ndf6
37.Nf2 Qd7 38.Ra3 Ra8 39.h3 Bf8 40.Qd2 Bg7 41.Rf3 Rb8 42.Qc2 Bf8 43.Nd1 Bg7
44.Ne3 Qe7 45.Nf1 Ng8 46.Nh2 Ngf6 47.Ra3 Qd7 48.Qe2 Bf8 49.Rc3 Bg7 50.g4 Ng8
51.Nf1 Bf6 52.Qf2 Ng7 53.Rf3 Qe7 54.Ng3 g5 55.Rc3 Qd7 56.Nf5 Nxf5 57.gxf5 Rf8
58.Qe2 Bd8 59.Bb7 Nf6 60.Ra3 Qf7 61.Bc8 Qh5 62.Qxh5 Nxh5 63.Kf3 Nf4 64.Bxf4 gxf4
65.Be6 Re8 66.Kg4 Bf6 67.Ra7 Re7 68.Kf3 Rg7 69.Kf2 Bh4+ 70.Kf1 Bf6 71.Ra8 Bh4
72.Rc8 f3 73.f6 Bxf6 74.Bf5+  1-0

[Event "8th LGA Premium Cup"]
[Site "Nuernberg GER"]
[Date "2011.09.10"]
[Round "5.49"]
[White "Loew,Gera"]
[Black "Arnold,Max"]
[Result "1-0"]
[WhiteElo "2266"]
[BlackElo "2073"]

1.c4 e5 2.g3 Nf6 3.Bg2 d5 4.cxd5 Nxd5 5.Nf3 Nc6 6.O-O Nb6 7.d3 Be7 8.a3 O-O
9.Nbd2 Re8 10.b4 Be6 11.Bb2 f6 12.b5 Nb8 13.d4 exd4 14.Nxd4 Bd5 15.e4 Bf7
16.Qc2 N8d7 17.Rfd1 Bf8 18.a4 Nc5 19.a5 Nbd7 20.Nc4 a6 21.f3 Qb8 22.Kh1 Ne5
23.Bf1 axb5 24.Nxe5 fxe5 25.Nxb5 c6 26.Na3 Rxa5 27.Bc4 Ne6 28.Qc3 Rc5 29.Qe3 Qc7
30.Rac1 b6 31.Kg2 Be7 32.h4 Bf8 33.Rd3 Rd8 34.Rcd1 Rxd3 35.Rxd3 b5 36.Bb3 Nd4
37.Bxd4 exd4 38.Bxf7+ Qxf7 39.Nb1 Qa2+ 40.Rd2 Qa1 41.Qb3+ Rc4 42.Ra2 Qxa2+
43.Qxa2 Kh8 44.Nd2 Ra4 45.Qf7 Ra8 46.e5 Bb4 47.Ne4 d3 48.Qd7  1-0

[Event "Paignton Ron Bruce Premier"]
[Site "Paignton ENG"]
[Date "2011.09.10"]
[Round "7"]
[White "Regis,D"]
[Black "Rosen,D"]
[Result "1-0"]
[WhiteElo "2015"]
[BlackElo "2139"]

1.c4 e5 2.g3 d6 3.Bg2 f5 4.Nc3 Nf6 5.d4 Be7 6.Nf3 e4 7.Ng5 c6 8.f3 exf3 9.exf3 Na6
10.O-O O-O 11.Re1 Nc7 12.Qd3 d5 13.b3 dxc4 14.bxc4 Nfe8 15.f4 Bf6 16.Be3 Nd6
17.Rad1 h6 18.Nf3 Be6 19.d5 Bxc3 20.Qxc3 cxd5 21.cxd5 Nxd5 22.Qe5 Re8 23.Rxd5 Bxd5
24.Qxd5+ Kh8 25.Ne5 Kh7 26.Rd1 Ne4 27.Bxe4  1-0

[Event "e2e4 High Wycombe Open"]
[Site "Uplands Park ENG"]
[Date "2011.09.10"]
[Round "4"]
[White "Nettleton,Charlie B"]
[Black "Edwards,R"]
[Result "1-0"]
[WhiteElo "1834"]
[BlackElo "2013"]

1.c4 e5 2.g3 d6 3.Bg2 g6 4.d4 exd4 5.Qxd4 Nf6 6.Bg5 Bg7 7.Nc3 O-O 8.Rc1 h6
9.Bxf6 Bxf6 10.Qd2 Bg7 11.Nf3 Nd7 12.O-O a5 13.Nd5 Nc5 14.Ne1 Re8 15.Nd3 Nxd3
16.exd3 c6 17.Ne3 Bd4 18.Rce1 Bd7 19.Nc2 Bxb2 20.Rb1 Qf6 21.d4  1-0

[Event "ch-Euro Youth g16"]
[Site "Albena BUL"]
[Date "2011.09.11"]
[Round "1.5"]
[White "Soyunlu,N"]
[Black "Iwanow,A"]
[Result "0-1"]
[WhiteElo "1826"]
[BlackElo "2191"]

1.c4 e5 2.g3 Nf6 3.Bg2 d5 4.cxd5 Nxd5 5.Nc3 Nb6 6.Nf3 Nc6 7.O-O Be7 8.a3 O-O
9.d3 Re8 10.b4 Bf8 11.Rb1 Nd4 12.Nd2 c6 13.e3 Nf5 14.Nb3 g6 15.Qc2 Bg7 16.Nc5 Qe7
17.N3e4 Nd5 18.b5 b6 19.Nb3 cxb5 20.Ng5 Nc7 21.Bxa8 Nxa8 22.e4 Nd6 23.Be3 h6
24.Nf3 Bg4 25.Nfd2 Rc8 26.Qb2 Be2 27.Rfc1 Nc7 28.Rc3 Ne6 29.Rxc8+ Nxc8 30.Nc1 Bh5
31.f3 g5 32.g4 Bg6 33.Qxb5 h5 34.h3 Nd4 35.Qc4 Nd6 36.Qa2 N6b5 37.Qb2 Nxa3
38.Bxd4 Nxb1 39.Be3 Nxd2 40.Qxd2 f6 41.d4 exd4 42.Bxd4 Qc7 43.Kg2 h4 44.Bf2 Bf8
45.Nd3 Qd6 46.Qe3 Be7 47.Kh1 Bd8 48.Nb2 Bc7 49.Kg2 Qh2+ 50.Kf1 Qxh3+ 51.Ke2 Qh2
52.Qd4 Qe5  0-1

[Event "8th LGA Premium Cup"]
[Site "Nuernberg GER"]
[Date "2011.09.11"]
[Round "7.48"]
[White "Loew,Gera"]
[Black "Frey,Al"]
[Result "1-0"]
[WhiteElo "2266"]
[BlackElo "2104"]

1.c4 e5 2.g3 Nf6 3.Bg2 d5 4.cxd5 Nxd5 5.Nf3 Nc6 6.O-O Nb6 7.d3 Be7 8.a3 O-O
9.Nbd2 a5 10.b3 Be6 11.Bb2 f6 12.Qc2 Qd7 13.e3 Rfd8 14.d4 exd4 15.Nxd4 Nxd4
16.Bxd4 c5 17.Bxc5 Rac8 18.b4 Na4 19.Nb3 b6 20.Nd4 Bf7 21.Bc6 Rxc6 22.Qxa4 bxc5
23.Nxc6 Bd5 24.Nxe7+ Qxe7 25.Qxa5 Rc8 26.Qa6 Rc7 27.Qd3 Rd7 28.bxc5 Qxc5
29.Rac1  1-0

[Event "8th LGA Premium Cup"]
[Site "Nuernberg GER"]
[Date "2011.09.11"]
[Round "7.44"]
[White "Unzicker,F"]
[Black "Kotz,R"]
[Result "1-0"]
[WhiteElo "2323"]
[BlackElo "2148"]

1.c4 e5 2.g3 Nc6 3.Bg2 Nf6 4.Nc3 Bc5 5.Nf3 d6 6.O-O a6 7.d3 h6 8.a3 O-O 9.b4 Ba7
10.Bb2 Nd4 11.Ne1 c6 12.h3 Qc7 13.e3 Nf5 14.Nc2 Be6 15.Re1 Rad8 16.Rc1 Ne7
17.Qe2 d5 18.c5 Bb8 19.Qf1 Nh7 20.Ne2 f5 21.f4 e4 22.Ncd4 Bc8 23.Red1 Nf6
24.Qe1 exd3 25.Rxd3 Ng6 26.Nf3 Qe7 27.Bd4 Rfe8 28.Rc2 Nf8 29.Qa1 Ne6 30.Bb2 Ne4
31.Qe1 Nf6 32.Nh4 Nf8 33.Nd4 g6 34.Ne2 Kf7 35.Nf3 N8h7 36.Kh2 Ne4 37.Rb3 Nhf6
38.Qa1 Kg8 39.Bd4 Kh7 40.Rb1 Rg8 41.Be5 Bxe5 42.Nxe5 Rde8 43.Bxe4 dxe4 44.Rd1 Be6
45.Qb2 Rg7 46.Nd4 Nd5 47.Qc1 g5 48.Rg1 Reg8 49.Rcg2 gxf4 50.gxf4 Bc8 51.Rxg7+ Rxg7
52.Rxg7+ Qxg7 53.Qe1 Qe7 54.Nc4 Qf6 55.Qg3 Bd7 56.Qf2 Ne7 57.Qe1 Nd5 58.Nb6 Be6
59.Nxd5 Bxd5 60.Kg2 Kg7 61.Qc3 Kf7 62.Ne2 Qg6+ 63.Ng3 Qf6 64.Qxf6+ Kxf6 65.Ne2 Kf7
66.Nd4 Bc4 67.Kg3 Kg6 68.Kh4 Bd5 69.Ne2 Bf7 70.Kg3 Kf6 71.Kf2 Ke6 72.Nd4+ Kf6
73.Ke1 Bc4 74.Kd2 Bd5 75.Kc3 Bf7 76.Ne2 Bd5 77.Kd4 Bf7 78.Nc3 Bb3 79.Ne2 Ba2
80.Ng3 Bf7 81.Nh1 Bd5 82.Nf2 Bb3 83.Kc3 Be6 84.Nh1 Bd5 85.Ng3 Bf7 86.Kd4 Ke6
87.Ne2 Kf6 88.Nc3 Bb3 89.a4 Ke6 90.b5 a5 91.b6 Kf6 92.Nb5 cxb5 93.c6 bxc6
94.b7 bxa4 95.b8=Q Bd5 96.Qd8+ Kg6 97.Qxa5 Kh5 98.Qxa4 Kh4 99.Qd1  1-0

[Event "8th LGA Premium Cup"]
[Site "Nuernberg GER"]
[Date "2011.09.11"]
[Round "7.78"]
[White "Neumann,Ro"]
[Black "Steinmueller,A"]
[Result "1/2-1/2"]
[WhiteElo "1869"]
[BlackElo "2071"]

1.c4 e5 2.g3 Nc6 3.Bg2 Bc5 4.Nc3 a6 5.e3 Ba7 6.Nge2 d6 7.O-O h5 8.h3 h4 9.g4 f5
10.gxf5 Bxf5 11.d4 Qd7 12.Kh2 O-O-O 13.d5 Nce7 14.e4 Bg6 15.f4 Bh5 16.Qd3 Nf6
17.fxe5 dxe5 18.b4 Nc6 19.Rb1 Nd4 20.Nxd4 Bxd4 21.Be3 Bxe3 22.Qxe3 Kb8 23.b5 a5
24.b6 c6 25.Qc5 Qd6 26.Qxa5 Kc8 27.c5 Qb8  1/2-1/2

[Event "ch-Euro Youth b16"]
[Site "Albena BUL"]
[Date "2011.09.14"]
[Round "4.14"]
[White "Iskandarov,M"]
[Black "Bida,M"]
[Result "1-0"]
[WhiteElo "2300"]
[BlackElo "2141"]

1.c4 e5 2.g3 Nf6 3.Bg2 c6 4.d4 exd4 5.Qxd4 d5 6.Nf3 Be6 7.cxd5 cxd5 8.O-O Nc6
9.Qa4 Bc5 10.a3 O-O 11.b4 Bb6 12.Bb2 Ne4 13.e3 Rc8 14.Nc3 Nxf2 15.Rxf2 Bxe3
16.Nd1 Bxf2+ 17.Nxf2 a6 18.Qd1 f6 19.Nd3 Bf7 20.Nc5 Rc7 21.Rc1 Qd6 22.Nh4 Ne7
23.Rc2 Rd8 24.Rd2 b6 25.Ne4 Qc6 26.Qg4 Ng6 27.Nf5 Qe8 28.Bxf6 Rdc8 29.Nfd6 Rc1+
30.Kf2 Be6 31.Nxe8 Bxg4 32.N4d6 gxf6 33.Nxc8 Bxc8 34.Nxf6+ Kg7 35.Nxd5 b5
36.Be4 Ne5 37.Ne3 Rc3 38.Rd5 Nd7 39.Rg5+ Kf6 40.Nd5+ Kxg5 41.Nxc3 h5 42.Nd5 Bb7
43.h4+ Kh6 44.Ke3 Bxd5 45.Bxd5 Nb6 46.Kd4 Kg6 47.Ke5 Nxd5 48.Kxd5 Kf5 49.Kc6 Kg4
50.Kb6 Kxg3 51.Kxa6 Kxh4 52.Kxb5 Kg3 53.Kc5 h4 54.b5 h3 55.b6 h2 56.b7 h1=Q
57.b8=Q+ Kf2 58.Qb2+ Ke3 59.Qe5+ Kd3 60.a4 Qg1+ 61.Kc6 Qc1+ 62.Qc5 Qh6+ 63.Kb5 Qg7
64.Qd5+ Kc2 65.Qe4+ Kb3 66.Qe3+ Ka2 67.Qd2+ Ka3 68.Qd6+ Ka2 69.Qd5+ Ka3 70.a5 Qb2+
71.Kc6 Ka4 72.a6 Qf6+ 73.Kb7 Qb2+ 74.Kc7 Qh2+ 75.Qd6 Qf2 76.Kb7 Qf7+ 77.Kb8 Qe8+
78.Kc7 Qe3 79.Kb7 Qb3+ 80.Kc8 Qg8+ 81.Kc7 Qg1 82.Kc6 Qg2+ 83.Qd5 Qg6+ 84.Kc5 Qc2+
85.Qc4+ Ka3 86.a7 Qf2+ 87.Qd4 Qf5+ 88.Kc6 Qc8+ 89.Kb6 Qe6+ 90.Kc7 Qe7+ 91.Kc6 Qe8+
92.Qd7 Qe4+ 93.Qd5 Qa4+ 94.Kb6 Qb4+ 95.Ka6 Qf8 96.a8=Q Qh6+ 97.Qac6  1-0

[Event "1st Marcel Duchamp"]
[Site "Buenos Aires ARG"]
[Date "2011.09.14"]
[Round "3"]
[White "Flores,Di"]
[Black "Fusco,L"]
[Result "1-0"]
[WhiteElo "2599"]
[BlackElo "2392"]

1.c4 e5 2.g3 Nf6 3.Bg2 d5 4.cxd5 Nxd5 5.Nf3 Nc6 6.O-O Be7 7.Nc3 Nb6 8.a4 a5
9.d3 Be6 10.Be3 Nd5 11.d4 exd4 12.Nxd4 Nxe3 13.Nxe6 Nxd1 14.Nxd8 Nxd8 15.Nb5 O-O
16.Nxc7 Rc8 17.Nd5 Bc5 18.Rfxd1 Nc6 19.Rac1 Nb4 20.Bh3  1-0

[Event "11th Josipa Ipavca Mem"]
[Site "Sentjur SLO"]
[Date "2011.09.15"]
[Round "2"]
[White "Urbanc,V"]
[Black "Novak,Ks"]
[Result "0-1"]
[WhiteElo "1906"]
[BlackElo "2123"]

1.c4 e5 2.g3 Nf6 3.Bg2 d5 4.cxd5 Nxd5 5.Nc3 Nb6 6.d3 Be7 7.Nf3 Nc6 8.Be3 O-O
9.a3 Be6 10.O-O f6 11.Ne4 Nd4 12.Bxd4 exd4 13.Rc1 a5 14.Nc5 Bxc5 15.Rxc5 Qd6
16.Qc1 c6 17.Nd2 Nd7 18.Rc2 Qe7 19.b4 axb4 20.axb4 Qxb4 21.Rb2 Qc3 22.Ne4 Qxc1
23.Rxc1 Ra7 24.Nd6 Bg4 25.h3 Be6 26.Rxb7 Rxb7 27.Nxb7 Rb8 28.Bxc6 Ne5 29.Be4 Bxh3
30.Bd5+ Kh8 31.f4 Nd7 32.Kf2 g6 33.Bf3 Be6 34.Rc7 Nf8 35.Re7 Rc8 36.Nd6 Rd8
37.Ne8 Rd7 38.Rxd7 Nxd7 39.Nc7 Nc5 40.Nb5 Nb3 41.Bc6 Kg7 42.Nd6 Kf8 43.Ba4 Nc5
44.Bc2 Bd5 45.Nb5 Ne6 46.e4 dxe3+ 47.Kxe3 Ke7 48.d4 Nf8 49.Bd3 h5 50.Nc3 Bb7
51.d5 g5 52.Bf5 h4 53.gxh4 gxh4 54.Kd4 Nd7 55.Nb5 Nb6 56.d6+ Kd8 57.Na7 Bg2
58.Kc5 Nd7+ 59.Kb5 h3 60.Nc6+ Ke8 61.Bxh3 Bxh3 62.Ne7 Bg2 63.Ng8 Kf7 64.Nxf6 Kxf6
65.Kc4 Ke6 66.Kd4 Kxd6 67.f5 Nf6 68.Ke3 Ke5 69.Kf2 Be4 70.Kg3 Kxf5 71.Kf2 Nd5
72.Ke2 Ke5 73.Kd2 Kd4 74.Kc1 Kc3 75.Kd1 Nf4 76.Kc1 Bd5 77.Kb1 Ne2 78.Ka1 Nd4
79.Kb1 Nc2 80.Kc1 Ba2 81.Kd1 Nd4 82.Kc1 Nb3+ 83.Kd1 Kd3 84.Ke1 Ke3 85.Kd1 Bb1
86.Ke1 Bc2 87.Kf1 Be4 88.Ke1 Bf3 89.Kf1 Nd2+ 90.Ke1 Ne4 91.Kf1 Nf2 92.Ke1 Nd3+
93.Kf1 Kf4 94.Kg1 Kg3 95.Kf1 Bg4 96.Kg1 Be2 97.Kh1 Nf4 98.Kg1 Nh3+ 99.Kh1 Bf3+  0-1

[Event "e2e4 Sunningdale Autumn"]
[Site "Sunningdale ENG"]
[Date "2011.09.16"]
[Round "1"]
[White "Beaumont,C"]
[Black "Varnam,L"]
[Result "1-0"]
[WhiteElo "2278"]
[BlackElo "2050"]

1.c4 e5 2.g3 Nf6 3.Bg2 Be7 4.Nc3 O-O 5.Nf3 d6 6.d4 exd4 7.Nxd4 a5 8.O-O Na6
9.b3 Nc5 10.Bb2 Re8 11.Qc2 Bf8 12.Rfd1 g6 13.a3 Rb8 14.b4 Ne6 15.Nf3 Bg7
16.c5 d5 17.e4 c6 18.exd5 cxd5 19.Nb5 Re7 20.Be5 Ra8 21.Qb2 Ne8 22.Bxg7 N6xg7
23.Rac1 axb4 24.axb4 Nf5 25.Nfd4 Nxd4 26.Rxd4 Be6 27.Rcd1 Rd7 28.Qd2 Nc7
29.Nd6 Rxd6 30.cxd6 Qxd6 31.Qh6 f6 32.h4 Bf7 33.h5 g5 34.Be4  1-0